North Macedonian Eurovision Song Contest Entries - Statistics

General Stats
  • This quiz has been taken 35 times
    10 since last reset
  • The average score is 14 of 22
Answer Stats
Year Artist Answer % Correct
2012 Kaliopi Crno i belo
80%
2004 Tose Proeski Life
80%
2006 Elena Risteska Ninanajna
80%
2019 Tamara Todevska Proud
80%
2000 XXL 100% te ljubam
70%
2022 Andrea Circles
70%
2010 Gjoko Taneski Jas ja imam silata
70%
2007 Karolina Mojot svet
70%
2013 Esma & Lozano Pred da se razdeni
70%
2015 Daniel Kajmakoski Autumn Leaves
60%
2008 Tamara, Vrčak & Adrian Let Me Love You
60%
2005 Martin Vučić Make My Day
60%
1998 Vlado Janevski Ne zori, zoro
60%
2002 Karolina Od nas zavisi
60%
2011 Vlatko Ilievski Rusinka
60%
2014 Tijana Dapčević To the Sky
60%
2020 Vasil You
60%
2017 Jana Burčeska Dance Alone
50%
2016 Kaliopi Dona
50%
2018 Eye Cue Lost and Found
50%
2009 Next Time Nešto što ke ostane
50%
2021 Vasil Here I Stand
40%
No matching quizzes found
Score Distribution
Percent of People with Each Score
Percentile by Number Answered
Your Score History
You have not taken this quiz since the last reset